| 000 | nam a22 a 4500 | ||
|---|---|---|---|
| 999 |
_c156878 _d156878 |
||
| 003 | BLK | ||
| 005 | 20220518083521.0 | ||
| 008 | 180410b bul|||||r ||||||| ||bul|| | ||
| 010 | _aKNG00163725000 | ||
| 040 | _aBLK | ||
| 041 |
_aBUL _cBUL |
||
| 080 |
_aОрганизация на Обединените нации (ООН). Вж и 341.1 ; 341.24 _b327.722 _z327.722 |
||
| 080 |
_aПраво _b34 _z34 |
||
| 100 | 1 |
_aЯнков, Александър _eпърви автор _gДимов, Александър Янков _9366626 |
|
| 139 |
_aЯнков, Александър _bЯ 60 |
||
| 245 | 1 | 0 |
_aОрганизация на обединените нации _bПравна същност и международноправен статут _cАлександър Янков |
| 257 | _aBGR | ||
| 260 |
_aСофия _bНаука и изкуство _c1965 _fВарна : Ст. Добрев-Странджата |
||
| 300 |
_a330 с. _c25 см |
||
| 380 | _a3 | ||
| 500 | _aПълното име на авт. е Александър Янков Димов. | ||
| 504 | _aБиблиогр. с. 300-325. | ||
| 650 | 4 |
_aООН _9252524 |
|
| 653 | _aООН | ||
| 852 | _aЦб 34321 | ||
| 856 | 4 | _qpdf | |
| 856 | 4 | _qpdf | |
| 942 |
_cKNG _n0 _s1 |
||
| 944 |
_aCR _c25.07.2014 _l25.07.2014 - от С1,Р / 25.07.2014 _kРадостина_Карадакова |
||
| 944 |
_aED _c2022-05-18 _l2022-05-18 _kК.Д. |
||